BSOP header

The shame exchange : (Record no. 34421)

MARC details
000 -LEADER
fixed length control field 00752nam a2200229 4500
005 - DATE AND TIME OF LATEST TRANSACTION
control field 20190215163042.0
008 - FIXED-LENGTH DATA ELEMENTS--GENERAL INFORMATION
fixed length control field 100622s2009 coua b 001 0 eng
020 ## - INTERNATIONAL STANDARD BOOK NUMBER
International Standard Book Number 9781600066252
100 1# - MAIN ENTRY--PERSONAL NAME
Personal name Breedlove, Steve.
245 14 - TITLE STATEMENT
Title The shame exchange :
Remainder of title trading shame for God's mercy and freedom /
Statement of responsibility, etc Steve and Sally Breedlove, Ralph and Jennifer Ennis.
260 ## - PUBLICATION, DISTRIBUTION, ETC. (IMPRINT)
Place of publication, distribution, etc Colorado Springs, CO :
Name of publisher, distributor, etc NavPress,
Date of publication, distribution, etc c2009.
300 ## - PHYSICAL DESCRIPTION
Extent 190 p. :
Other physical details ill. ;
Dimensions 21 cm.
336 ## - CONTENT TYPE
Content Type Term text
337 ## - MEDIA TYPE
Media Type Term unmediated
338 ## - CARRIER TYPE
Carrier Type Term volume
504 ## - BIBLIOGRAPHY, ETC. NOTE
Bibliography, etc Includes bibliographical references (p. 187-188) and index.
650 #4 - SUBJECT ADDED ENTRY--TOPICAL TERM
Topical term or geographic name as entry element Shame
General subdivision Religious aspects
-- Christianity.
951 ## - EQUIVALENCE OR CROSS-REFERENCE-GEOGRAPHIC NAME/AREA NAME [OBSOLETE] [CAN/MARC only]
General subdivision 00039333
700 1# - ADDED ENTRY--PERSONAL NAME
Personal name Breedlove, Sally,
Dates associated with a name 1950-
942 ## - ADDED ENTRY ELEMENTS (KOHA)
Source of classification or shelving scheme Library of Congress Classification
Item type Books
Holdings
Withdrawn status Lost status Source of classification or shelving scheme Damaged status Not for loan Home library Current library Shelving location Date acquired Inventory number Shelving control number Total Checkouts Full call number Barcode Date last seen Price effective from Koha item type Source of acquisition Copy number
    Library of Congress Classification     BSOP Library BSOP Library GC 12/21/2000 33826 127   GCBT714 B74/2009 00039333 02/23/2013 02/23/2013 Books    
    Library of Congress Classification     BSOP Library BSOP Library GC 02/15/2019 45029     GCBT714 B74 2009 c.2 00056029 02/15/2019 02/15/2019 Books Donated by Dr. William and Mariel Kirwan c.2
BSOP

Biblical Seminary of the Philippines
  All rights Reserved
  © 2024

CONTACT INFORMATION

Biblical Seminary of the Philippines,
  77-B Karuhatan Road, Valenzuela City,
  PHILIPPINES 1441
  Phone: +632 8292-6795 / 8292-6798
  Fax : +632 8292-6675
  Email: library@bsop.edu.ph